000 00486cam a22001217a 4500
008 180718b-- xxu||||| |||| 00| 0 eng d
082 _aL906x54221 C/C
245 _aReport of the Comptroller and Auditor General of India, Chhattisgarh (General, social and economic sectors)
260 _aRaipur
_bComptroller and Auditor General of India
_c--
500 _aLibrary has 2010/11
650 _aAuditing - India - Chhattisgarh
700 _aChhattisgarh. Comptroller and Auditor General of India
999 _c502604
_d502604